Pokémon - Personnages de la 1g - Statistiques

Statistiques générales
  • Ce quiz a été pris 157 fois
  • Le résultat moyen est 17 sur 24
Statistiques - réponses
Par images Réponse % Correct
Red
99%
Pierre
98%
Professeur Samuel Chen
97%
Blue
94%
Ondine
93%
Giovanni
92%
James
88%
Major Bob
88%
Jessie
87%
Erika
84%
Koga
84%
Infirmière Joëlle
83%
Peter
82%
Auguste
75%
Aldo
69%
Morgane
69%
Agent Jenny
63%
Léo
62%
Olga
61%
Agatha
54%
Mr. Fuji
25%
Nina Chen
23%
Koichi
12%
Baoba
9%
Aucun quiz correspondant
Distribution des résultats
% des personnes avec chaque résultat
Percentile par nombre de réponses
Votre historique - résultats
Vous n’avez pas pris ce quiz